Thế giới những ngày qua : Hồi ức của một người dân Châu Âu = Le monde d'hier : Souvenirs d'un européen

Đã lưu trong:
書目詳細資料
主要作者: Stefan Zweig
格式: 圖書
語言:Undetermined
出版: Hà Nội Giáo Dục 1998
主題:
標簽: 添加標簽
沒有標簽, 成為第一個標記此記錄!
Thư viện lưu trữ: Trung tâm Học liệu Trường Đại học Cần Thơ
LEADER 00642nam a2200181Ia 4500
001 CTU_22525
008 210402s9999 xx 000 0 und d
082 |a 836 
082 |b Z97 
100 |a Stefan Zweig 
245 0 |a Thế giới những ngày qua : Hồi ức của một người dân Châu Âu 
245 0 |b = Le monde d'hier : Souvenirs d'un européen 
245 0 |c Stefan Zweig, Phùng Đệ, Trần Nam Lương 
260 |a Hà Nội 
260 |b Giáo Dục 
260 |c 1998 
650 |a austrian fiction ( vietnamese ) - 20th century 
980 |a Trung tâm Học liệu Trường Đại học Cần Thơ